000 00718nam a2200241Ia 4500
003 OSt
005 20220926013950.0
006 a|||||r|||| 00| 0
007 ta
008 220923b |||||||| |||| 00| 0 eng d
037 _cGeneral Book
040 _aRTL
_cRTL
_beng
041 _2eng
_aeng
082 _aU2, M0
100 _aFellows Donald Keith
_9318749
245 0 _aOur environment
_b An introdnetion to physical geogr
250 _a2nd
260 _aNew York
_bJohn Wiley USA
_c1980
300 _axi,532p. Bib chapterwise ,Appendix p. 466-95,Glossary p. 496-532
_ccm.
650 _aPhysical Geography
942 _hU2, M0
_cGB
_2CC
999 _c627318
_d627318